Statistics for Capitals of the Heptarchy (with Map)

Click here to take the quiz!

General Stats

  • This quiz has been taken 66 times
  • The average score is 4 of 10

Answers on the Map

Answers color-coded by a green-red scale on the quiz's map according to % correct below.
 

Answer Stats

KingdomDatesAnswer% Correct
Essex604-825London
96%
Northumbria654-954 (southern capital)York
79%
East Anglia500s-918Norwich
60%
Kent600s-871Canterbury
50%
Wessex660s-927Winchester
48%
Mercia584-918Tamworth
23%
Northumbria654-954 (northern capital)Bamburgh
19%
Sussex680s-860 (capital)Chichester
19%
Wessex634-660 (de facto)Dorchester on Thames
13%
Sussex680s-860 (seat of bishopric)Selsey
13%

Score Distribution

Percentile by Number Answered

Percent of People with Each Score

Your Score History

You have not taken this quiz